00763nam a2200253 a 4500001001300000003000900013005001700022008004100039020002300080082001700103100002000120245003900140260003500179300000900214500003500223505002500258650003100283650002500314700002000339902000800359942000700367952011800374999001700492nice12345678IN_TiNIC20260116014334.0100111s2009 dela grp 000 0 eng  a9788189973964c95000a954.133bYAM aYamin, Mohammed aImpact of Islam on Orissan Culture aDelhi bReadworthy Pub. c2009 a306p aincludes index and biblioraphy2 aBibliography, Index. aIslam-India-orissa-history aOrissa-Islam-history1 aYamin, Mohammed bSRS cBK 001040708StackRoom-aHMIbHMId2010-01-11g950.00l0o954.133 YAMp022979r2010-01-11v950.00w2010-01-11yBK c14885d14885